000 00305nam a2200145Ia 4500
100 _aPatil/Manoj R
942 _cBK
366 _f20
654 _apentaho
245 _aPentaho for big data analytics
260 _bPACKT
_c2013
082 _a5.3
_bPAT
300 _a102
546 _aENGLISH
_celectronics
999 _c32168
_d32168